|
|
|
|
| LEADER |
00000nab a2200000 a 4500 |
| 001 |
vtls010429672 |
| 003 |
SK-MaSNL |
| 005 |
20260303094024.0 |
| 008 |
120613c2012 xo wrzp 0 0slo |
| 015 |
|
|
|a SNBRB2012/06
|2 rvgkpd
|
| 038 |
|
|
|a RVGKPD
|
| 040 |
|
|
|a RVGKPD
|b slo
|c RVGKPD
|e AACR2
|
| 041 |
0 |
|
|a slo
|
| 044 |
|
|
|a xo
|c SK
|
| 080 |
|
|
|a 77.04-051
|2 1997
|
| 100 |
1 |
|
|a Čavojská, Jana
|4 aut
|9 339651
|
| 245 |
1 |
0 |
|a Viem sa červenať
|b použité telá majú v sebe úžasnú silu, hovorí známa česká fotografka nahoty Sara Saudková
|c Jana Čavojská
|
| 300 |
|
|
|b Fotogr.
|
| 600 |
1 |
7 |
|a Saudková, Sára,
|d 1967-
|2 rvgkpd
|
| 650 |
0 |
7 |
|a českí fotografi
|2 rvgkpd
|9 682200
|
| 773 |
0 |
|
|t Plus 7 dní
|g Roč. XXII, č. 13 (2012), s. 130-132
|x 1210-4040
|
| 852 |
|
|
|a RVGKPD
|b KIS3G
|
| 958 |
|
|
|a BC
|
| 958 |
|
|
|a CZ
|
| 992 |
|
|
|a RBX
|
| 999 |
|
|
|c 1818436
|d 1820366
|